000 00736nam a2200217 a 4500
001 BRCA_4524
005 20190320204713.0
008 941019s1994####mx-#######---#000-0#spa-#
020 _a9688591386
041 _aspa
044 _amx
050 4 _aPQ6353
_b.P46 1994
100 1 _aPérez Valera, José Eduardo.
_911459
245 1 0 _aUna nueva lectura del Quijote
_cJosé Eduardo Pérez Valera.
260 _aMéxico
_bUniversidad Iberoamericana, Departamento de Ciencias Religiosas
_c1994
300 _a190 p.
_c21 cm
504 _aBibliografía: p. 188-190
600 1 4 _aCervantes Saavedra, Miguel de
_d1547-1616.
_tEl Ingenioso Hidalgo Don Quijote de la Mancha
_xCritica e interpretación
_911460
902 _aCERV
942 _2lcc
_cB
999 _c4230
_d4230